All Brawl Stars gadgets by picture - Statistics

General Stats
  • This quiz has been taken 80 times
  • The average score is 75 of 188
Answer Stats
Picture Answer % Correct
Gus
98%
Tara
97%
Clancy
93%
Amber
91%
Leon
91%
Sprout
72%
Bea
69%
Gene
66%
Sam
66%
Bonnie
64%
Eve
64%
Angelo
62%
Carl
62%
Draco
62%
Maisie
62%
Gale
60%
Griff
60%
Nita
59%
Surge
59%
Charlie
57%
Crow
57%
Shade
55%
Emz
53%
Gus
53%
Sam
53%
Gene
52%
Grom
52%
Ruffs
52%
Finx
50%
Lumi
50%
Belle
48%
Grom
48%
Spike
48%
Angelo
47%
Brock
47%
Colette
47%
Colt
47%
Frank
47%
Janet
47%
Jessie
47%
Mr P.
47%
Tara
47%
Tick
47%
Trunk
47%
Amber
45%
Ash
45%
Janet
45%
Rico
45%
Rico
45%
8-bit
43%
Ash
43%
Bo
43%
Bull
43%
Buzz
43%
Chester
43%
Doug
43%
Doug
43%
Dynamike
43%
Gray
43%
Jacky
43%
Larry
43%
Lily
43%
Lola
43%
Moe
43%
Mortis
43%
Nani
43%
Ollie
43%
Spike
43%
Tick
43%
Berry
41%
Kaze
41%
Moe
41%
Pearl
41%
Pearl
41%
Poco
41%
Trunk
41%
Alli
40%
Bo
40%
Charlie
40%
Chuck
40%
El Primo
40%
El Primo
40%
Eve
40%
Finx
40%
Griff
40%
Kit
40%
Larry
40%
Lou
40%
Lou
40%
Meeple
40%
Mico
40%
Mortis
40%
Mr P.
40%
Nita
40%
Otis
40%
Otis
40%
Rosa
40%
R-T
40%
Sandy
40%
Shade
40%
Shelly
40%
Squeak
40%
Surge
40%
Willow
40%
8-bit
38%
Carl
38%
Clancy
38%
Colt
38%
Frank
38%
Juju
38%
Kit
38%
Leon
38%
Mandy
38%
Melodie
38%
Penny
38%
R-T
38%
Willow
38%
Buzz
36%
Dynamike
36%
Fang
36%
Lily
36%
Meeple
36%
Brock
34%
Edgar
34%
Edgar
34%
Gray
34%
Hank
34%
Kaze
34%
Kenji
34%
Meg
34%
Melodie
34%
Penny
34%
Barley
33%
Belle
33%
Buster
33%
Colette
33%
Cordelius
33%
Hank
33%
Lumi
33%
Ollie
33%
Pam
33%
Pam
33%
Poco
33%
Ruffs
33%
Alli
31%
Cordelius
31%
Emz
31%
Gale
31%
Max
31%
Piper
31%
Rosa
31%
Berry
29%
Byron
29%
Chester
29%
Draco
29%
Jacky
29%
Meg
29%
Mico
29%
Piper
29%
Stu
29%
Bonnie
28%
Kenji
28%
Mandy
28%
Max
28%
Shelly
28%
Squeak
28%
Bibi
26%
Bea
24%
Stu
24%
Lola
22%
Bibi
21%
Crow
21%
Jae-yong
21%
Fang
19%
Nani
19%
Darryl
17%
Maisie
17%
Sprout
17%
Barley
16%
Byron
16%
Buster
14%
Chuck
14%
Jessie
14%
Juju
14%
Bull
12%
Jae-yong
12%
Darryl
10%
Sandy
9%
No matching quizzes found
Score Distribution
Percent of People with Each Score
Percentile by Number Answered
Your Score History
You have not taken this quiz